<?xml version="1.0" encoding="UTF-8"?>
<record
    xmlns:xsi="http://www.w3.org/2001/XMLSchema-instance"
    xsi:schemaLocation="http://www.loc.gov/MARC21/slim http://www.loc.gov/standards/marcxml/schema/MARC21slim.xsd"
    xmlns="http://www.loc.gov/MARC21/slim">

  <leader>01739cam a22002894a 4500</leader>
  <controlfield tag="001">17357705</controlfield>
  <controlfield tag="005">20201128021128.0</controlfield>
  <controlfield tag="008">120622s2013    ne a     b    001 0 eng  </controlfield>
  <datafield tag="010" ind1=" " ind2=" ">
    <subfield code="a">2012025772</subfield>
  </datafield>
  <datafield tag="020" ind1=" " ind2=" ">
    <subfield code="a">9780123852472 (alk. paper)</subfield>
  </datafield>
  <datafield tag="040" ind1=" " ind2=" ">
    <subfield code="a">DLC</subfield>
    <subfield code="c">DLC</subfield>
    <subfield code="d">DLC</subfield>
    <subfield code="d">EG-ScBUE</subfield>
  </datafield>
  <datafield tag="082" ind1="0" ind2="0">
    <subfield code="a">332.042</subfield>
    <subfield code="2">22</subfield>
    <subfield code="b">MEL</subfield>
  </datafield>
  <datafield tag="100" ind1="1" ind2=" ">
    <subfield code="a">Melvin, Michael,</subfield>
    <subfield code="d">1948-</subfield>
    <subfield code="9">7631</subfield>
  </datafield>
  <datafield tag="245" ind1="1" ind2="0">
    <subfield code="a">International money and finance /</subfield>
    <subfield code="c">Michael Melvin and Stefan C. Norrbin.</subfield>
  </datafield>
  <datafield tag="250" ind1=" " ind2=" ">
    <subfield code="a">8th ed.</subfield>
  </datafield>
  <datafield tag="260" ind1=" " ind2=" ">
    <subfield code="a">Waltham, United States ;</subfield>
    <subfield code="a">Oxford, United Kingdom :</subfield>
    <subfield code="b">Elsevier Press,</subfield>
    <subfield code="b">Academic Press,</subfield>
    <subfield code="c">c.2013.</subfield>
  </datafield>
  <datafield tag="300" ind1=" " ind2=" ">
    <subfield code="a">xviii, 316 p. :</subfield>
    <subfield code="b">ill. ;</subfield>
    <subfield code="c">24 cm.</subfield>
  </datafield>
  <datafield tag="500" ind1=" " ind2=" ">
    <subfield code="a">Glossary : p. 301-306.</subfield>
  </datafield>
  <datafield tag="500" ind1=" " ind2=" ">
    <subfield code="a">Index : p. 307-316.</subfield>
  </datafield>
  <datafield tag="504" ind1=" " ind2=" ">
    <subfield code="a">Includes bibliographical references.</subfield>
  </datafield>
  <datafield tag="505" ind1="0" ind2=" ">
    <subfield code="a">The international monetary environment-The foreign exchange market-International monetary arrangements-The balance of payments-International parity conditions-Forward-looking instruments-The eurocurrency market-Exchange rates, interest rates, and interest parity-Prices and exchange rates : purchasing power parity-Risk and international capital flows-Foreign exchange risk and forecasting-Financial management of the multinational firm-International portfolio investment-Direct foreign investment and international lending-Modeling the exchange rate and balance of payments-Determinancts of the balance of trade-Open economy macroeconomics : the IS-LM-BP approach-Open economy macroeconomics : the monetary approach-Extensions to the monetary approach of exchange rate determination.</subfield>
  </datafield>
  <datafield tag="650" ind1=" " ind2="0">
    <subfield code="a">International finance</subfield>
    <subfield code="9">1619</subfield>
  </datafield>
  <datafield tag="653" ind1=" " ind2=" ">
    <subfield code="b">BUSADM</subfield>
    <subfield code="c">November2014</subfield>
  </datafield>
  <datafield tag="655" ind1=" " ind2=" ">
    <subfield code="v">reading book</subfield>
    <subfield code="9">34232</subfield>
  </datafield>
  <datafield tag="700" ind1="1" ind2=" ">
    <subfield code="a">Norrbin, Stefan C.</subfield>
    <subfield code="9">36561</subfield>
  </datafield>
  <datafield tag="942" ind1=" " ind2=" ">
    <subfield code="2">ddc</subfield>
    <subfield code="k">332.042 MEL</subfield>
  </datafield>
  <datafield tag="999" ind1=" " ind2=" ">
    <subfield code="c">18632</subfield>
    <subfield code="d">18604</subfield>
  </datafield>
  <datafield tag="952" ind1=" " ind2=" ">
    <subfield code="0">0</subfield>
    <subfield code="1">0</subfield>
    <subfield code="2">ddc</subfield>
    <subfield code="4">0</subfield>
    <subfield code="7">0</subfield>
    <subfield code="8">Baccah</subfield>
    <subfield code="a">MAIN</subfield>
    <subfield code="b">MAIN</subfield>
    <subfield code="c">1ST</subfield>
    <subfield code="d">2014-11-17</subfield>
    <subfield code="e">purchase</subfield>
    <subfield code="g">298.00</subfield>
    <subfield code="h">20677</subfield>
    <subfield code="l">1</subfield>
    <subfield code="m">4</subfield>
    <subfield code="o">332.042 MEL</subfield>
    <subfield code="p">000037015</subfield>
    <subfield code="r">2025-07-15 00:00:00</subfield>
    <subfield code="s">2018-11-04</subfield>
    <subfield code="v">372.50</subfield>
    <subfield code="y">BB</subfield>
  </datafield>
</record>
